[Event "SVK-chT5 SE-SI 1920"]
[Site "Slovakia"]
[Date "2020.02.29"]
[Round "8.4"]
[White "Sefcik, Oliver"]
[Black "Papanek, Lubomir"]
[Result "0-1"]
[WhiteElo "1183"]
[BlackElo "1586"]
[PlyCount "120"]
[EventDate "2019.10.19"]
[EventType "team-tourn"]
[EventRounds "14"]
[EventCountry "SVK"]
[SourceTitle "CBM 195 Extra"]
[Source "ChessBase"]
[SourceDate "2020.05.31"]
[SourceVersion "1"]
[SourceVersionDate "2020.05.31"]
[SourceQuality "1"]
[WhiteTeam "Holic III"]
[BlackTeam "Jabuca Petrova Ves Gbely V"]
[WhiteTeamCountry "SVK"]
[BlackTeamCountry "SVK"]

1. e4 c5 2. Nc3 Nc6 3. f4 d6 4. Bb5 a6 5. Bxc6+ bxc6 6. Nf3 Bg4 7. 0-0 e5 8. fxe5 dxe5 9. h3 Bxf3 10. Qxf3 f6 11. d3 Rb8 12. b3 Qd4+ 13. Be3 Qxc3 14. Qf5 Ne7 15. Qf2 Ng6 16. Qf5 Ne7 17. Qf2 Qa5 18. Bxc5 Ng6 19. Ba7 Rb7 20. Be3 Bd6 21. Qf5 Qd8 22. Qe6+ Re7 23. Qc4 Qc8 24. Rf2 Qb7 25. a4 Nf8 26. Rb1 Ne6 27. g4 0-0 28. Rbf1 Kh8 29. h4 Qc8 30. Qc3 c5 31. Qd2 Ref7 32. h5 Nf4 33. Bxf4 exf4 34. Qe2 Be5 35. Kg2 h6 36. Kh3 Kg8 37. Qd1 Qc7 38. Rf3 Rd8 39. Qe2 Qb6 40. Qf2 Bd4 41. Qe2 Be3 42. Qd1 Qb4 43. Qe1 Qxe1 44. Rxe1 Rfd7 45. Rff1 Kf7 46. Rh1 Ke6 47. Rhf1 Ke5 48. Re2 Rb7 49. Rfe1 Rb4 50. Kg2 Rg8 51. Kf3 g6 52. Rg2 gxh5 53. gxh5 Rbb8 54. Ree2 Rg5 55. Rxg5+ fxg5 56. Kg4 Rf8 57. Kf3 Kd4 58. Rg2 Kc3 59. a5 Bd2 60. Rg1 Kxc2 0-1

[Event "SVK-chT4 A21 1920"]
[Site "Slovakia"]
[Date "2020.02.09"]
[Round "8.4"]
[White "Tomasovic, Roman"]
[Black "Papanek, Lubomir"]
[Result "1-0"]
[WhiteElo "1551"]
[BlackElo "1563"]
[PlyCount "77"]
[EventDate "2019.10.13"]
[EventType "team-tourn"]
[EventRounds "11"]
[EventCountry "SVK"]
[SourceTitle "CBM 195 Extra"]
[Source "ChessBase"]
[SourceDate "2020.05.31"]
[SourceVersion "1"]
[SourceVersionDate "2020.05.31"]
[SourceQuality "1"]
[WhiteTeam "Stefanov"]
[BlackTeam "Gbely Nafta III"]
[WhiteTeamCountry "SVK"]
[BlackTeamCountry "SVK"]

1. d4 Nf6 2. c4 g6 3. e3 Bg7 4. Nf3 0-0 5. Nc3 d6 6. h3 c6 7. Be2 Re8 8. 0-0 Nbd7 9. e4 e5 10. d5 Nc5 11. Nd2 Ncd7 12. Nb3 c5 13. Be3 Nb8 14. Nd2 b6 15. a3 Re7 16. b4 Bd7 17. b5 Qc7 18. a4 a5 19. Nf3 Ne8 20. Nh2 f5 21. exf5 Bxf5 22. g4 Bd7 23. Ne4 Rf7 24. f3 h5 25. Qd2 Qd8 26. Bg5 Bf6 27. Bxf6 Qc7 28. Bg5 Bc8 29. Rf2 Nd7 30. Raf1 Ndf6 31. Qe3 Ra7 32. Nxf6+ Nxf6 33. Bxf6 Rxf6 34. f4 Qd8 35. fxe5 Rxf2 36. Rxf2 dxe5 37. Qxe5 Re7 38. Qf6 Qc7 39. d6 1-0

[Event "SVK-chT4 A21 1920"]
[Site "Slovakia"]
[Date "2020.01.26"]
[Round "7.2"]
[White "Papanek, Lubomir"]
[Black "Jakubec, Milan"]
[Result "0-1"]
[WhiteElo "1563"]
[BlackElo "1995"]
[PlyCount "106"]
[EventDate "2019.10.13"]
[EventType "team-tourn"]
[EventRounds "11"]
[EventCountry "SVK"]
[SourceTitle "CBM 194 Extra"]
[Source "ChessBase"]
[SourceDate "2020.03.31"]
[SourceVersion "1"]
[SourceVersionDate "2020.03.31"]
[SourceQuality "1"]
[WhiteTeam "Gbely Nafta III"]
[BlackTeam "Myjava Spartak"]
[WhiteTeamCountry "SVK"]
[BlackTeamCountry "SVK"]

1. e4 e5 2. Nf3 Nc6 3. d4 exd4 4. Bc4 Bc5 5. c3 d3 6. Qxd3 d6 7. b4 Bb6 8. a4 a6 9. Be3 Bxe3 10. Qxe3 Qe7 11. 0-0 Nf6 12. Nbd2 0-0 13. Rfe1 a5 14. b5 Ne5 15. Nxe5 dxe5 16. h3 b6 17. Bb3 Bb7 18. f3 Rad8 19. Nc4 Nd7 20. Rad1 Nc5 21. Bc2 f6 22. Qe2 Bc8 23. Rxd8 Rxd8 24. Rd1 Be6 25. Nb2 Rd6 26. Rd2 Qd8 27. Rxd6 Qxd6 28. Qd1 Qxd1+ 29. Nxd1 Kf8 30. Kf2 Ke7 31. Ke3 Kd6 32. Nb2 Nb7 33. Bd1 c6 34. c4 Nc5 35. Bc2 g5 36. g4 Bf7 37. Kd2 Ne6 38. Bd3 Nf4 39. Bf1 Kc5 40. Kc3 h6 41. Nd1 Ne6 42. Nb2 Nd4 43. Nd3+ Kd6 44. c5+ Kc7 45. cxb6+ Kxb6 46. bxc6 Kxc6 47. Ne1 Kc5 48. Ba6 Be8 49. Nd3+ Kb6 50. Bc4 Bxa4 51. Nb2 Bb5 52. Bxb5 Kxb5 53. Nd3 Nxf3 0-1

[Event "SVK-chT5 SE-SI 1920"]
[Site "Slovakia"]
[Date "2020.01.18"]
[Round "5.4"]
[White "Lanza, Matej"]
[Black "Papanek, Lubomir"]
[Result "0-1"]
[WhiteElo "1157"]
[BlackElo "1586"]
[PlyCount "120"]
[EventDate "2019.10.19"]
[EventType "team-tourn"]
[EventRounds "14"]
[EventCountry "SVK"]
[SourceTitle "CBM 194 Extra"]
[Source "ChessBase"]
[SourceDate "2020.03.31"]
[SourceVersion "1"]
[SourceVersionDate "2020.03.31"]
[SourceQuality "1"]
[WhiteTeam "Gbely Nafta IV"]
[BlackTeam "Jabuca Petrova Ves Gbely V"]
[WhiteTeamCountry "SVK"]
[BlackTeamCountry "SVK"]

1. d4 Nf6 2. Nf3 g6 3. Nc3 Bg7 4. h3 b6 5. Bf4 Bb7 6. e3 0-0 7. Bd3 d6 8. 0-0 e6 9. Qe2 Nbd7 10. Bh2 Re8 11. a3 e5 12. dxe5 dxe5 13. Ng5 h6 14. Nge4 Qe7 15. Nxf6+ Nxf6 16. Bb5 c6 17. Ba6 Nd5 18. Nxd5 cxd5 19. Bb5 Red8 20. Rad1 a6 21. Ba4 b5 22. Bb3 Rd7 23. e4 Rad8 24. exd5 Bxd5 25. Bxd5 Rxd5 26. Rxd5 Rxd5 27. Rd1 Qd7 28. Rxd5 Qxd5 29. Qd3 Qxd3 30. cxd3 f5 31. f3 Kf7 32. Kf2 Ke6 33. Ke2 Kd5 34. Bg1 e4 35. fxe4+ fxe4 36. Ke3 Bd4+ 37. Kf4 Bxg1 38. dxe4+ Ke6 39. g3 Bd4 40. h4 Bxb2 41. Kg4 Bxa3 42. h5 g5 43. Kf3 Ke5 44. Ke3 Bc5+ 45. Kd3 a5 46. g4 Bg1 47. Kc2 Kxe4 48. Kb3 Kd3 49. Ka3 Kc3 50. Ka2 b4 51. Kb1 Kb3 52. Ka1 Bd4+ 53. Kb1 Ka3 54. Kc2 b3+ 55. Kb1 a4 56. Kc1 Ka2 57. Kd2 b2 58. Kd3 Bg7 59. Ke4 b1Q+ 60. Kd5 Qb5+ 0-1

[Event "SVK-chT5 SE-SI 1920"]
[Site "Slovakia"]
[Date "2019.11.23"]
[Round "3.4"]
[White "Babic, Patrik"]
[Black "Papanek, Lubomir"]
[Result "1-0"]
[WhiteElo "1000"]
[BlackElo "1586"]
[PlyCount "119"]
[EventDate "2019.10.19"]
[EventType "team-tourn"]
[EventRounds "14"]
[EventCountry "SVK"]
[SourceTitle "CBM 193 Extra"]
[Source "ChessBase"]
[SourceDate "2020.01.31"]
[SourceVersion "1"]
[SourceVersionDate "2020.01.31"]
[SourceQuality "1"]
[WhiteTeam "Senica CVC III"]
[BlackTeam "Jabuca Petrova Ves Gbely V"]
[WhiteTeamCountry "SVK"]
[BlackTeamCountry "SVK"]

1. e4 c5 2. Nf3 Nc6 3. d4 cxd4 4. Nxd4 e5 5. Nb5 d6 6. Nd2 a6 7. Nc3 Nf6 8. b3 Be7 9. Bb2 0-0 10. h3 Qc7 11. Qf3 Bd7 12. Bd3 Nb4 13. 0-0-0 Bc6 14. Kb1 Rad8 15. Be2 d5 16. exd5 Nbxd5 17. Qg3 Bd6 18. Nce4 Nxe4 19. Nxe4 f6 20. c4 Nf4 21. Bf3 Be7 22. h4 Rxd1+ 23. Rxd1 Rd8 24. Rh1 Rd3 25. Re1 Qa5 26. Re3 Bxe4 27. Rxe4 Qd8 28. Rxf4 Rd1+ 29. Bxd1 Qxd1+ 30. Bc1 Ba3 31. Qc3 exf4 32. Qd2 Qxc1+ 33. Qxc1 Bxc1 34. Kxc1 Kf7 35. Kd2 Ke6 36. f3 f5 37. Kd3 Ke5 38. b4 g6 39. a4 h6 40. a5 g5 41. b5 axb5 42. cxb5 Kd5 43. a6 bxa6 44. bxa6 Kc6 45. Kd4 Kb6 46. Ke5 Kxa6 47. Kxf5 gxh4 48. Kxf4 h3 49. gxh3 Kb6 50. Kf5 Kc6 51. Kg6 Kd6 52. f4 Ke7 53. f5 Kf8 54. Kxh6 Kf7 55. Kg5 Kg7 56. f6+ Kf7 57. h4 Kf8 58. Kg6 Kg8 59. f7+ Kf8 60. h5 1-0

[Event "SVK-chT3A2 1819"]
[Site "Slovakia"]
[Date "2018.10.21"]
[Round "2.6"]
[White "Skreko, Igor1111"]
[Black "Papanek, Lubomir"]
[Result "1/2-1/2"]
[WhiteElo "1547"]
[BlackElo "1581"]
[PlyCount "32"]
[EventDate "2018.10.07"]
[EventType "team-tourn"]
[EventRounds "11"]
[EventCountry "SVK"]
[SourceTitle "EXT 2020"]
[Source "ChessBase"]
[SourceDate "2019.10.17"]
[SourceVersion "1"]
[SourceVersionDate "2019.10.17"]
[SourceQuality "1"]
[WhiteTeam "Modranka Komplet"]
[BlackTeam "Gbely Nafta II"]
[WhiteTeamCountry "SVK"]
[BlackTeamCountry "SVK"]

1. c4 c5 2. Nc3 Nc6 3. g3 b6 4. Bg2 Bb7 5. Nf3 Nf6 6. 0-0 g6 7. b3 Bg7 8. Bb2 0-0 9. e3 e6 10. d4 d5 11. dxc5 Ne4 12. Qc2 Nb4 13. Qc1 Nd3 14. Qc2 Nb4 15. Qc1 Nd3 16. Qc2 Nb4 1/2-1/2

[Event "SVK-chT5 SE-SI 1617"]
[Site "Slovakia"]
[Date "2017.03.18"]
[Round "9.4"]
[White "Klimesova, Gabriela"]
[Black "Papanek, Lubomir"]
[Result "0-1"]
[WhiteElo "1333"]
[BlackElo "1644"]
[PlyCount "82"]
[EventDate "2016.10.15"]
[EventType "team-tourn"]
[EventRounds "9"]
[EventCountry "SVK"]
[SourceTitle "EXT 2020"]
[Source "ChessBase"]
[SourceDate "2019.10.17"]
[SourceVersion "1"]
[SourceVersionDate "2019.10.17"]
[SourceQuality "1"]
[WhiteTeam "Stefanov II"]
[BlackTeam "Gbely Nafta IV"]
[WhiteTeamCountry "SVK"]
[BlackTeamCountry "SVK"]

1. e4 e5 2. Nf3 Nc6 3. Bc4 Bc5 4. d3 Nf6 5. Nc3 a6 6. a4 d6 7. h3 0-0 8. 0-0 Be6 9. Bg5 h6 10. Be3 Nd4 11. Bxd4 exd4 12. Ne2 Bxc4 13. dxc4 Nxe4 14. Nexd4 Bxd4 15. Qxd4 Ng5 16. Nxg5 Qxg5 17. Rfe1 Qf5 18. Qe4 Qc8 19. Rad1 Re8 20. Qd5 Rb8 21. c5 Rxe1+ 22. Rxe1 Qd7 23. cxd6 cxd6 24. b3 Kf8 25. Rd1 Rd8 26. c4 Qc6 27. c5 Qxd5 28. Rxd5 Ke7 29. Kf1 Ke6 30. Rxd6+ Rxd6 31. cxd6 Kxd6 32. Ke2 Kc5 33. Kd3 Kb4 34. Kc2 a5 35. f3 f5 36. g3 g5 37. h4 f4 38. gxf4 gxh4 39. f5 Kc5 40. Kd3 h3 41. f6 Kd6 0-1

[Event "SVK-chT4 A21 1617"]
[Site "Slovakia"]
[Date "2017.03.12"]
[Round "11.4"]
[White "Papanek, Lubomir"]
[Black "Ganz, Marek"]
[Result "1/2-1/2"]
[WhiteElo "1644"]
[BlackElo "1526"]
[PlyCount "95"]
[EventDate "2016.10.09"]
[EventType "team-tourn"]
[EventRounds "11"]
[EventCountry "SVK"]
[SourceTitle "EXT 2020"]
[Source "ChessBase"]
[SourceDate "2019.10.17"]
[SourceVersion "1"]
[SourceVersionDate "2019.10.17"]
[SourceQuality "1"]
[WhiteTeam "Gbely Nafta II"]
[BlackTeam "Trnava Lokomotiva Jun"]
[WhiteTeamCountry "SVK"]
[BlackTeamCountry "SVK"]

1. e4 e5 2. Nf3 Nc6 3. d4 exd4 4. Bc4 Bb4+ 5. c3 dxc3 6. bxc3 Be7 7. 0-0 d6 8. Re1 Nf6 9. e5 dxe5 10. Qxd8+ Nxd8 11. Nxe5 Be6 12. Ba3 Bxa3 13. Nxa3 0-0 14. Nb5 Bxc4 15. Nxc4 Ne6 16. Rad1 a6 17. Nd4 Nxd4 18. Rxd4 Rfe8 19. Ne3 Rad8 20. Red1 Rxd4 21. cxd4 Rd8 22. Kf1 Nd5 23. Rb1 b6 24. Rc1 Nxe3+ 25. fxe3 Rd7 26. Ke2 Kf8 27. a4 a5 28. Rc4 Ke8 29. e4 Re7 30. Kf3 Kd7 31. g4 Re6 32. g5 f6 33. d5 Rd6 34. h4 fxg5 35. hxg5 h6 36. gxh6 Rxh6 37. e5 Rh5 38. Re4 c6 39. dxc6+ Kxc6 40. Kg4 Rh8 41. Rd4 Rh6 42. Kg5 b5 43. axb5+ Kxb5 44. Rd7 Ra6 45. Rxg7 a4 46. Kf5 a3 47. Rg1 Kb4 48. e6 1/2-1/2

[Event "SVK-chT5 SE-SI 1617"]
[Site "Slovakia"]
[Date "2016.12.10"]
[Round "4.2"]
[White "Svrcek, Daniel"]
[Black "Papanek, Lubomir"]
[Result "0-1"]
[WhiteElo "1299"]
[BlackElo "1644"]
[PlyCount "72"]
[EventDate "2016.10.15"]
[EventType "team-tourn"]
[EventRounds "9"]
[EventCountry "SVK"]
[SourceTitle "EXT 2020"]
[Source "ChessBase"]
[SourceDate "2019.10.17"]
[SourceVersion "1"]
[SourceVersionDate "2019.10.17"]
[SourceQuality "1"]
[WhiteTeam "Holic IV"]
[BlackTeam "Gbely Nafta IV"]
[WhiteTeamCountry "SVK"]
[BlackTeamCountry "SVK"]

1. e4 e5 2. Nf3 Nc6 3. Bb5 a6 4. Ba4 Nf6 5. d3 b5 6. Bb3 Be7 7. c3 d6 8. Bg5 Na5 9. Bc2 c5 10. Nbd2 Nc6 11. 0-0 h6 12. Bh4 0-0 13. a3 Be6 14. Bb3 Qc7 15. Qc2 d5 16. exd5 Bxd5 17. Bxd5 Nxd5 18. Bxe7 Qxe7 19. Rfe1 f6 20. c4 Nf4 21. cxb5 axb5 22. Qb3+ Kh8 23. Qxb5 Nd4 24. Nxd4 cxd4 25. Qc4 Rfc8 26. Qa2 Nxd3 27. Red1 Qb7 28. b3 Nf4 29. f3 Ne2+ 30. Kh1 Nc3 31. Qb2 Nxd1 32. Rxd1 Rc3 33. Rb1 Rac8 34. Nc4 R8xc4 35. bxc4 Qxb2 36. Rxb2 Rc1# 0-1

[Event "SVK-chT5 1516"]
[Site "Slovakia"]
[Date "2016.03.05"]
[Round "8.4"]
[White "Benak, Peter"]
[Black "Papanek, Lubomir"]
[Result "0-1"]
[WhiteElo "1605"]
[BlackElo "1661"]
[PlyCount "110"]
[EventDate "2015.10.24"]
[EventType "team-tourn"]
[EventRounds "9"]
[EventCountry "SVK"]
[SourceTitle "EXT 2017"]
[Source "ChessBase"]
[SourceDate "2016.10.25"]
[SourceVersion "1"]
[SourceVersionDate "2016.10.25"]
[SourceQuality "1"]
[WhiteTeam "Holic II"]
[BlackTeam "Gbely Nafta IV"]
[WhiteTeamCountry "SVK"]
[BlackTeamCountry "SVK"]

1. c4 Nf6 2. g3 g6 3. Bg2 Bg7 4. e3 0-0 5. d4 c6 6. Ne2 d5 7. cxd5 cxd5 8. 0-0 e6 9. b4 b6 10. a4 Bb7 11. Nbc3 Nc6 12. Ba3 Re8 13. Nc1 Bf8 14. b5 Bxa3 15. Rxa3 Na5 16. Nb3 Qd6 17. Ra1 Nc4 18. Nd2 Rac8 19. Nxc4 Rxc4 20. Qb3 Rec8 21. Rfc1 h5 22. Bf1 R4c7 23. Ne2 Ne4 24. Rxc7 Rxc7 25. Rc1 Nd2 26. Qa2 Nc4 27. Nf4 Na5 28. Rxc7 Qxc7 29. Qb2 Bc8 30. Bd3 Nb7 31. Qc2 Qxc2 32. Bxc2 Nd6 33. Bd3 Kg7 34. Ne2 f6 35. Nc3 g5 36. Na2 Ne8 37. Nb4 Bb7 38. f3 e5 39. dxe5 fxe5 40. Kf2 Nd6 41. Ke2 Kf6 42. h3 e4 43. fxe4 dxe4 44. Bc2 Nf5 45. Kf2 Ke5 46. Bb3 Ne7 47. Bf7 h4 48. g4 Bd5 49. Bxd5 Nxd5 50. Nc6+ Kd6 51. Nxa7 Nc3 52. Nc8+ Kc5 53. Ne7 Nxa4 54. Nf5 Nc3 55. Nd4 Kd5 0-1

[Event "SVK-chT5 1516"]
[Site "Slovakia"]
[Date "2016.02.20"]
[Round "7.4"]
[White "Papanek, Lubomir"]
[Black "Babic, Stefan"]
[Result "1-0"]
[WhiteElo "1661"]
[BlackElo "1091"]
[PlyCount "41"]
[EventDate "2015.10.24"]
[EventType "team-tourn"]
[EventRounds "9"]
[EventCountry "SVK"]
[SourceTitle "EXT 2017"]
[Source "ChessBase"]
[SourceDate "2016.10.25"]
[SourceVersion "1"]
[SourceVersionDate "2016.10.25"]
[SourceQuality "1"]
[WhiteTeam "Gbely Nafta IV"]
[BlackTeam "Sastin Straze"]
[WhiteTeamCountry "SVK"]
[BlackTeamCountry "SVK"]

1. e4 e5 2. Nf3 Nc6 3. Bb5 Nf6 4. d3 Bc5 5. c3 0-0 6. 0-0 d6 7. Qe2 Bd7 8. Bxc6 Bxc6 9. Be3 Qe7 10. Nbd2 Rad8 11. Nb3 Bxe3 12. fxe3 b6 13. h3 Bb7 14. Qf2 c5 15. Qh4 h6 16. Nh2 Qe6 17. Rf3 Kh7 18. Raf1 d5 19. Ng4 Rd6 20. Nxf6+ gxf6 21. Rxf6 1-0

[Event "SVK-chT4 A21 1516"]
[Site "Slovakia"]
[Date "2015.11.22"]
[Round "4.1"]
[White "Wallner, Juraj"]
[Black "Papanek, Lubomir"]
[Result "0-1"]
[WhiteElo "1554"]
[BlackElo "1655"]
[PlyCount "94"]
[EventDate "2015.10.04"]
[EventType "team-tourn"]
[EventRounds "11"]
[EventCountry "SVK"]
[SourceTitle "CBM 170 Extra"]
[Source "ChessBase"]
[SourceDate "2016.02.25"]
[SourceVersion "1"]
[SourceVersionDate "2016.02.25"]
[SourceQuality "1"]
[WhiteTeam "Stefanov"]
[BlackTeam "Gbely Nafta II"]
[WhiteTeamCountry "SVK"]
[BlackTeamCountry "SVK"]

1. e4 e5 2. Nf3 Nc6 3. d4 exd4 4. Nxd4 Qf6 5. Be3 Bc5 6. c3 Nge7 7. Bc4 Ne5 8. Bb3 d6 9. Nd2 Nd3+ 10. Ke2 Ne5 11. h3 Qg6 12. Qf1 0-0 13. N2f3 Qxe4 14. Bc2 Qd5 15. Bb3 Nc4 16. Ke1 Nxe3 17. fxe3 Qe4 18. Qe2 Bxd4 19. cxd4 Nf5 20. Kf2 Qe7 21. g4 Nh4 22. Kg3 Nxf3 23. Qxf3 c6 24. Rhf1 Be6 25. Bc2 f5 26. Qe2 d5 27. Kh2 fxg4 28. Rg1 Qh4 29. Rg3 Rf6 30. Rag1 Raf8 31. R1g2 Rf3 32. Qe1 g6 33. Bd1 Rxg3 34. Rxg3 Qf6 35. Bxg4 Bxg4 36. Rxg4 Qf2+ 37. Qxf2 Rxf2+ 38. Rg2 Rxg2+ 39. Kxg2 Kg7 40. Kf3 Kf6 41. Kg4 h5+ 42. Kf3 Kf5 43. b3 g5 44. a4 g4+ 45. hxg4+ hxg4+ 46. Kf2 Ke4 47. a5 g3+ 0-1

[Event "SVK-chT5 SE-SI 1415"]
[Site "Slovakia"]
[Date "2015.02.07"]
[Round "8.4"]
[White "Papanek, Lubomir"]
[Black "Jankovic, Frantisek"]
[Result "1-0"]
[WhiteElo "1616"]
[BlackElo "1133"]
[PlyCount "119"]
[EventDate "2014.10.18"]
[EventType "team-tourn"]
[EventRounds "11"]
[EventCountry "SVK"]
[SourceTitle "EXT 2022"]
[Source "ChessBase"]
[SourceDate "2021.10.06"]
[SourceVersion "1"]
[SourceVersionDate "2021.10.06"]
[SourceQuality "1"]
[WhiteTeam "Gbely Nafta III"]
[BlackTeam "Senica CVC"]
[WhiteTeamCountry "SVK"]
[BlackTeamCountry "SVK"]

1. d4 d5 2. c4 c6 3. Nf3 Nf6 4. e3 Bg4 5. h3 Bxf3 6. Qxf3 e6 7. Bd3 Bb4+ 8. Bd2 Bxd2+ 9. Nxd2 0-0 10. 0-0 Qa5 11. Qd1 b5 12. cxb5 cxb5 13. Nb3 Qb6 14. Nc5 Nbd7 15. b4 Nxc5 16. bxc5 Qa5 17. Qb3 Rab8 18. a4 bxa4 19. Qxa4 Qxa4 20. Rxa4 Rb7 21. Rfa1 Ra8 22. Ra6 Rc7 23. Rb1 Nd7 24. f3 Nb8 25. Ra2 a6 26. Rb6 a5 27. Bb5 Rca7 28. Rb2 Nd7 29. Bxd7 Rxd7 30. Ra6 Rdd8 31. Rxa8 Rxa8 32. Ra2 Kf8 33. Kf2 Ke7 34. Ke2 Kd7 35. Kd3 Kc6 36. Rb2 a4 37. Rb6+ Kd7 38. Kc2 Kc7 39. Kb2 f6 40. Ka3 e5 41. Rb4 exd4 42. exd4 Kc6 43. Rxa4 Rxa4+ 44. Kxa4 g5 45. Kb4 h6 46. Kc3 f5 47. g4 f4 48. Kb4 Kb7 49. Kb5 Kc7 50. Ka6 Kc6 51. Ka7 Kc7 52. Ka6 Kc6 53. Ka5 Kc7 54. Kb5 Kb7 55. c6+ Kc7 56. Kc5 Kc8 57. Kxd5 Kb8 58. Kd6 Kc8 59. c7 Kb7 60. Kd7 1-0